वाजश्रवा के बहाने (Record no. 1466682)

MARC details
000 -LEADER
fixed length control field 01015 a2200241 4500
005 - DATE AND TIME OF LATEST TRANSACTION
control field 20260319161430.0
008 - FIXED-LENGTH DATA ELEMENTS--GENERAL INFORMATION
fixed length control field 260319b |||||||| |||| 00| 0 eng d
020 ## - INTERNATIONAL STANDARD BOOK NUMBER
International Standard Book Number 9789357757058 (hbk)
037 ## - SOURCE OF ACQUISITION
Terms of availability TB
040 ## - CATALOGING SOURCE
Original cataloging agency CRL
Transcribing agency CRL
041 ## - LANGUAGE CODE
Source of code hin
Language code of text/sound track or separate title hin
084 ## - COLON CLASSIFICATION NUMBER
Classification number O152,1N276x R4
Assigning agency CRL
100 ## - MAIN ENTRY--PERSONAL NAME
Personal name नारायण, कुँवर
9 (RLIN) 860620
245 ## - TITLE STATEMENT
Title वाजश्रवा के बहाने
250 ## - EDITION STATEMENT
Edition statement 5वां संस्करण
260 ## - PUBLICATION, DISTRIBUTION, ETC.
Name of publisher, distributor, etc. भारतीय ज्ञानपीठ,
Date of publication, distribution, etc. 2024.
Place of publication, distribution, etc. नयी दिल्ली, भारत:
300 ## - PHYSICAL DESCRIPTION
Extent 159पृ.
365 ## - TRADE PRICE
Price amount 395.00
Currency code INR
490 ## - SERIES STATEMENT
Materials specified लोकोदय ग्रंथमाला: ग्रंथांक 937
650 ## - SUBJECT ADDED ENTRY--TOPICAL TERM
Topical term or geographic name entry element हिन्दी कविता
942 ## - ADDED ENTRY ELEMENTS (KOHA)
Koha item type Textbook
Source of classification or shelving scheme Colon Classification (CC)
Edition 5वां संस्करण
Classification part O152,1N276x R4
Holdings
Withdrawn status Lost status Source of classification or shelving scheme Damaged status Not for loan Home library Current library Date acquired Source of acquisition Cost, normal purchase price Inventory number Total Checkouts Full call number Barcode Date last seen Cost, replacement price Price effective from Koha item type
    Colon Classification (CC)     Central Library Central Library 2026-01-15 76/ वाणी प्रकाशन 316.00 477 & 2026-01-12   O152,1N276x R4 CL1925338 2026-01-15 395.00 2026-01-15 Textbook
Copyright @ Delhi University Library System